Language Quiz

Random Language or Letter Quiz

Replace the 'B' A-Z Quiz Stats

 Plays Quiz Updated Nov 29, 2017

Score 0/24 Timer 04:00
9 Plays Today
% Correct
C
87.1%
N
86.6%
V
86.3%
L
85.5%
F
84.9%
D
84.5%
H
84.2%
T
84%
S
82.9%
R
82.8%
P
82%
G
78.2%
% Correct
O
77.8%
E
77.4%
K
73.7%
X
67.8%
I
55.8%
J
54.3%
M
45.5%
W
43.1%
A
37.9%
Y
35.1%
U
29.1%
Z
15.1%

You're not logged in!

Compare scores with friends on all Sporcle quizzes.
OR
Log In

You Might Also Like...

Show Comments

Extras

Top Quizzes Today


Score Distribution

Your Account Isn't Verified!

In order to create a playlist on Sporcle, you need to verify the email address you used during registration. Go to your Sporcle Settings to finish the process.

Report this User

Report this user for behavior that violates our Community Guidelines.

Details: